Library Catalog

Cars, Cars 2, and Cars 3. (Record no. 492689)

MARC details
000 -LEADER
fixed length control field 00745nam a22002297a 4500
003 - CONTROL NUMBER IDENTIFIER
control field OSt
005 - DATE AND TIME OF LATEST TRANSACTION
control field 20260512090500.0
008 - FIXED-LENGTH DATA ELEMENTS--GENERAL INFORMATION
fixed length control field 260512b |||||||| |||| 00| 0 eng d
020 ## - INTERNATIONAL STANDARD BOOK NUMBER
International Standard Book Number 9780241684283
040 ## - CATALOGING SOURCE
Original cataloging agency Kenya National Library Service
082 ## - DEWEY DECIMAL CLASSIFICATION NUMBER
Classification number 791.4375 CAR
245 ## - TITLE STATEMENT
Title Cars, Cars 2, and Cars 3.
300 ## - PHYSICAL DESCRIPTION
Extent 29 pages :
Other physical details colour illustrations ;
Dimensions 23 cm.
490 ## - SERIES STATEMENT
Series statement Pixar : the ultimate collection.
500 ## - GENERAL NOTE
General note Issued as part of Pixar: The Ultimate Collection boxed set.
500 ## - GENERAL NOTE
General note Each book in the set has a separate barcode.
650 ## - SUBJECT ADDED ENTRY--TOPICAL TERM
Topical term or geographic name entry element Animated films
Form subdivision Juvenile literature.
650 ## - SUBJECT ADDED ENTRY--TOPICAL TERM
Topical term or geographic name entry element Automobiles
Form subdivision Juvenile literature.
942 ## - ADDED ENTRY ELEMENTS (KOHA)
Source of classification or shelving scheme Dewey Decimal Classification
Koha item type Books
Suppress in OPAC No
Holdings
Withdrawn status Source of classification or shelving scheme Damaged status Not for loan Collection Home library Current library Date acquired Source of acquisition Cost, normal purchase price Total checkouts Full call number Barcode Date last seen Price effective from Koha item type
  Dewey Decimal Classification     Junior Books Nakuru Library Acquisition, Cataloguing, Classification and Distribution Development 05/12/2026 BAI 524.00   791.4375 CAR B230769 05/12/2026 05/12/2026 Books

© 2025, Kenya National Library Service | Designed & Maintained by Uvumbuzi Center